00315 a2200097 4500001000900000005001700009008004100026245006300067100002400130773006300154ART_714720260410161700.0260409a 10aLa crisis y la demanda mundial, del corto al mediano plazo1 aGiavazzi, Francesco0 tEnsayos Económicosg- Nº 53/54 (ene./jun. 2009)wREV620